01676nam a2200325 a 4500001001200000003000800012006001900020007001500039008004100054010001700095020001500112040002100127035002000148050002500168082001700193245032300210260005500533300002400588500014300612504004100755533015200796650007000948655002901018700003001047700003101077700001601108710001701124711008301141856012601224ebr10055663CaPaEBRm u cr cn|||||||||980325s1998 dcua sb 000 0 eng  z 98133582  z030906029X aCaPaEBRcCaPaEBR a(OCoLC)4232898814aRC627.T7bP74 1998eb04a616.3/9622100aPrevention of micronutrient deficienciesh[electronic resource] :btools for policymakers and public health workers /cCommittee on Micronutrient Deficiencies, Board on International Health [and] Food, and Nutrition Board, Institute of Medicine ; Christopher P. Howson, Eileen T. Kennedy, and Abraham Horwitz, editors. aWashington, D.C. :bNational Academy Press,c1998. axii, 207 p. :bill. aEdited papers from the Workshop on Micronutrient Deficiencies, held at the National Academy of Sciences, Washington, D.C., Dec. 5-7, 1996. aIncludes bibliographical references. aElectronic reproduction.bPalo Alto, Calif. :cebrary,d2013.nAvailable via World Wide Web.nAccess may be limited to ebrary affiliated libraries. 0aTrace element deficiency diseasesxPreventionxGovernment policy. 7aElectronic books.2local1 aHowson, Christopher Paul.1 aKennedy, Eileen T.,d1947-1 aHorwitz, A.2 aebrary, Inc.2 aWorkshop on Micronutrient Deficienciesd(1996 :cNational Academy of Sciences)40uhttp://site.ebrary.com/lib/rucke/Doc?id=10055663zAn electronic book accessible through the World Wide Web; click to view